Manažerské vzdělávání směřuje na Východ

Veľkou prednosťou škôl na Východe je, že pripravujú študujúcich cielene na manažérsku kariéru v rozvojových regiónoch, ponúkajú porovnateľnú kvalitu výuky za nižšiu cenu a vybavujú študujúcich cennými osobnými kontaktmi. Školy pre štúdium MBA v Slovinsku, Číne, Indii a v Poľsku. Ruský projekt. Tipy...

Descrizione completa

Salvato in:
Dettagli Bibliografici
Natura: Capitolo di libro
Lingua:ceco
Soggetti:
Tags: Aggiungi Tag
Nessun Tag, puoi essere il primo ad aggiungerne!!

MARC

LEADER 00000naa$a2200000$$$4500
001 0058501
005 20231128135026.0
041 0 |a cze 
044 |a CZ 
245 1 0 |a Manažerské vzdělávání směřuje na Východ 
520 |a Veľkou prednosťou škôl na Východe je, že pripravujú študujúcich cielene na manažérsku kariéru v rozvojových regiónoch, ponúkajú porovnateľnú kvalitu výuky za nižšiu cenu a vybavujú študujúcich cennými osobnými kontaktmi. Školy pre štúdium MBA v Slovinsku, Číne, Indii a v Poľsku. Ruský projekt. Tipy pre záujemcov o štúdium MBA v rastových regiónoch. 
610 2 0 |a kvalifikácia 
610 2 0 |a manažéri 
610 2 0 |a školy 
610 2 0 |a vzdelávanie 
610 2 0 |a kvalita